书目信息 |
| 题名: |
环境政策分析
|
|
| 作者: | 宋国君 著 | |
| 分册: | ||
| 出版信息: | 北京 化学工业出版社 2008 |
|
| 页数: | 249页 | |
| 开本: | 26cm | |
| 丛书名: | ||
| 单 册: | ||
| 中图分类: | X-012 | |
| 科图分类: | ||
| 主题词: | 环境政策--研究--中国 , 环境政策 | |
| 电子资源: | ||
| ISBN: | 978-7-122-03302-4 | |
| 000 | 00938nam0 2200253 45 | |
| 001 | 1050710297 | |
| 005 | 20100420101017.31 | |
| 010 | @a978-7-122-03302-4@dCNY39.80 | |
| 100 | @a20100408d2008 ekmy0chiy0120 ea | |
| 101 | 0 | @achi@aeng |
| 102 | @aCN@b110000 | |
| 105 | @ay z 000yy | |
| 106 | @ar | |
| 200 | 1 | @a环境政策分析@AHuan Jing Zheng Ce Fen Xi@dChina's environmental policy analysis@f宋国君等著@FSong Guo Jun Deng Zhu@zeng |
| 210 | @a北京@c化学工业出版社@d2008 | |
| 215 | @a249页@d26cm | |
| 330 | @a本书包括环境政策分析导论、外部性与环境政策分析、环境政策手段分析、环境保护法律体系分析、环境管理体制分析、环境管理制度分析、大气污染防治政策分析、水环境保护政策分析等内容。 | |
| 510 | 1 | @aChina's environmental policy analysis@zeng |
| 606 | 0 | @a环境政策@x研究@y中国 |
| 606 | 0 | @a环境政策 |
| 690 | @aX-012@v4 | |
| 701 | 0 | @a宋国君@ASong Guo Jun@4著 |
| 801 | 0 | @aCN@bTANGWEI@c20100420 |
| 905 | @b0589747-51@dX-012@e187@f5 | |
| 环境政策分析=China's environmental policy analysis/宋国君等著.-北京:化学工业出版社,2008 |
| 249页;26cm |
| ISBN 978-7-122-03302-4:CNY39.80 |
| 本书包括环境政策分析导论、外部性与环境政策分析、环境政策手段分析、环境保护法律体系分析、环境管理体制分析、环境管理制度分析、大气污染防治政策分析、水环境保护政策分析等内容。 |
| ● |
| 相关链接 |
|
|
|
|
正题名:环境政策分析
索取号:X-012/187
 
预约/预借
| 序号 | 登录号 | 条形码 | 馆藏地/架位号 | 状态 | 备注 |
| 1 | 0589747 | 205897476 | 第二样本阅览室/ [索取号:X-012/187] | 在馆 | |
| 2 | 0589748 | 205897485 | 第三借阅区/ [索取号:X-012/187] | 在馆 | |
| 3 | 0589749 | 205897494 | 第三借阅区/ [索取号:X-012/187] | 在馆 | |
| 4 | 0589750 | 205897500 | 第三借阅区/ [索取号:X-012/187] | 在馆 | |
| 5 | 0589751 | 205897519 | 第三借阅区/ [索取号:X-012/187] | 在馆 |